<?xml version="1.0" encoding="UTF-8"?>
<collection xmlns="http://www.loc.gov/MARC21/slim">
 <record>
  <leader>01809nam a22002657a 4500</leader>
  <controlfield tag="001">NCT_66242</controlfield>
  <controlfield tag="008">190812b        xxu||||| |||| 00| 0 vie d</controlfield>
  <datafield tag="999" ind1=" " ind2=" ">
   <subfield code="c">3204</subfield>
   <subfield code="d">3204</subfield>
  </datafield>
  <datafield tag="020" ind1=" " ind2=" ">
   <subfield code="a">9786049344466</subfield>
   <subfield code="c">144000</subfield>
  </datafield>
  <datafield tag="082" ind1="0" ind2="4">
   <subfield code="2">23rd ed.</subfield>
   <subfield code="a">321</subfield>
   <subfield code="b">D513</subfield>
  </datafield>
  <datafield tag="100" ind1="1" ind2=" ">
   <subfield code="a">Nguyễn Đăng Dung</subfield>
  </datafield>
  <datafield tag="245" ind1="1" ind2="0">
   <subfield code="a">Sự hạn chế quyền lực nhà nước</subfield>
   <subfield code="c">Nguyễn Đăng Dung</subfield>
  </datafield>
  <datafield tag="250" ind1=" " ind2=" ">
   <subfield code="a">Tái bản lần thứ 1</subfield>
  </datafield>
  <datafield tag="260" ind1=" " ind2=" ">
   <subfield code="a">H.</subfield>
   <subfield code="b">Đại học Quốc gia Hà Nội</subfield>
   <subfield code="c">2014</subfield>
  </datafield>
  <datafield tag="300" ind1=" " ind2=" ">
   <subfield code="a">545 tr. </subfield>
   <subfield code="c">24cm</subfield>
  </datafield>
  <datafield tag="500" ind1=" " ind2=" ">
   <subfield code="a">ĐTTS ghi: Đại học Quốc gia Hà Nội. Khoa Luật</subfield>
  </datafield>
  <datafield tag="520" ind1="3" ind2=" ">
   <subfield code="a">Nội dung sách nói về sự cần thiết của việc kiểm soát quyền lực nhà nước, chủ nghĩa hợp hiến và việc đẩy mạnh xây dựng nhà nước pháp quyền và đảm bảo quyền con người ở cả tầm lý thuyết lẫn thực tiễn.</subfield>
  </datafield>
  <datafield tag="653" ind1=" " ind2=" ">
   <subfield code="a">Luật học</subfield>
  </datafield>
  <datafield tag="942" ind1=" " ind2=" ">
   <subfield code="2">ddc</subfield>
   <subfield code="c">BK</subfield>
  </datafield>
  <datafield tag="952" ind1=" " ind2=" ">
   <subfield code="0">0</subfield>
   <subfield code="1">0</subfield>
   <subfield code="2">ddc</subfield>
   <subfield code="4">0</subfield>
   <subfield code="6">321_000000000000000_D513</subfield>
   <subfield code="7">0</subfield>
   <subfield code="9">17323</subfield>
   <subfield code="a">000001</subfield>
   <subfield code="b">000001</subfield>
   <subfield code="d">2019-08-12</subfield>
   <subfield code="o">321 D513</subfield>
   <subfield code="p">MD.15455</subfield>
   <subfield code="r">2019-08-12</subfield>
   <subfield code="v">144000.00</subfield>
   <subfield code="w">2019-08-12</subfield>
   <subfield code="y">BK</subfield>
  </datafield>
  <datafield tag="952" ind1=" " ind2=" ">
   <subfield code="0">0</subfield>
   <subfield code="1">0</subfield>
   <subfield code="2">ddc</subfield>
   <subfield code="4">0</subfield>
   <subfield code="6">321_000000000000000_D513</subfield>
   <subfield code="7">0</subfield>
   <subfield code="9">17324</subfield>
   <subfield code="a">000001</subfield>
   <subfield code="b">000001</subfield>
   <subfield code="d">2019-08-12</subfield>
   <subfield code="o">321 D513</subfield>
   <subfield code="p">MD.15456</subfield>
   <subfield code="r">2019-08-12</subfield>
   <subfield code="v">144000.00</subfield>
   <subfield code="w">2019-08-12</subfield>
   <subfield code="y">BK</subfield>
  </datafield>
  <datafield tag="952" ind1=" " ind2=" ">
   <subfield code="0">0</subfield>
   <subfield code="1">0</subfield>
   <subfield code="2">ddc</subfield>
   <subfield code="4">0</subfield>
   <subfield code="6">321_000000000000000_D513</subfield>
   <subfield code="7">0</subfield>
   <subfield code="9">17325</subfield>
   <subfield code="a">000001</subfield>
   <subfield code="b">000001</subfield>
   <subfield code="d">2019-08-12</subfield>
   <subfield code="o">321 D513</subfield>
   <subfield code="p">MD.15457</subfield>
   <subfield code="r">2019-08-12</subfield>
   <subfield code="v">144000.00</subfield>
   <subfield code="w">2019-08-12</subfield>
   <subfield code="y">BK</subfield>
  </datafield>
  <datafield tag="952" ind1=" " ind2=" ">
   <subfield code="0">0</subfield>
   <subfield code="1">0</subfield>
   <subfield code="2">ddc</subfield>
   <subfield code="4">0</subfield>
   <subfield code="6">321_000000000000000_D513</subfield>
   <subfield code="7">0</subfield>
   <subfield code="9">17326</subfield>
   <subfield code="a">000001</subfield>
   <subfield code="b">000001</subfield>
   <subfield code="d">2019-08-12</subfield>
   <subfield code="o">321 D513</subfield>
   <subfield code="p">MD.15458</subfield>
   <subfield code="r">2019-08-12</subfield>
   <subfield code="v">144000.00</subfield>
   <subfield code="w">2019-08-12</subfield>
   <subfield code="y">BK</subfield>
  </datafield>
  <datafield tag="952" ind1=" " ind2=" ">
   <subfield code="0">0</subfield>
   <subfield code="1">0</subfield>
   <subfield code="2">ddc</subfield>
   <subfield code="4">0</subfield>
   <subfield code="6">321_000000000000000_D513</subfield>
   <subfield code="7">0</subfield>
   <subfield code="9">17327</subfield>
   <subfield code="a">000001</subfield>
   <subfield code="b">000001</subfield>
   <subfield code="d">2019-08-12</subfield>
   <subfield code="o">321 D513</subfield>
   <subfield code="p">MD.15459</subfield>
   <subfield code="r">2019-08-12</subfield>
   <subfield code="v">144000.00</subfield>
   <subfield code="w">2019-08-12</subfield>
   <subfield code="y">BK</subfield>
  </datafield>
  <datafield tag="980" ind1=" " ind2=" ">
   <subfield code="a">Thư viện Trường Đại học Nam Cần Thơ</subfield>
  </datafield>
 </record>
</collection>
